| 000 | 00314nam a22001097a 4500 | ||
|---|---|---|---|
| 003 | SGT | ||
| 082 | _a370, | ||
| 100 | _aSapna Bhardwaj-211001001 | ||
| 245 | _aA Study on the Role of School Environment on Professional Stress among Secondary School Teacher’s of Gurgaon District | ||
| 260 | _c2021 | ||
| 942 |
_2ddc _cTH |
||
| 999 |
_c29403 _d29403 |
||